The second terget book of fun and games

Bibliographic Details
Other Authors: Davies, Nicola, Comp
Format: Book
Published: London : Target book , c1985
Subjects:

MARC

LEADER 00000cam a2200000 7i4500
001 0000001320
005 20030128.0
020 |a 042610532x 
040 |a INS 
090 0 0 |a GV1201.   |b S444 1985 
245 0 4 |a The second terget book of fun and games   |c compiled by Nicola Davies 
260 |a London :   |b Target book ,   |c c1985 
300 |a 176p. :   |b ill ;   |c 18 cm. 
650 0 0 |a Games 
700 1 |a Davies, Nicola, Comp. 
999 |a 0000000348   |b BOOK   |c Open Shelf   |e Default branch